Canada Provinces By First Two Letters - Statistics

General Stats
  • This quiz has been taken 34 times
  • The average score is 12 of 13
Answers on the Map
Answers color-coded by a green-red scale on the quiz's map according to % correct below.
 
Answer Stats
Province / Territory % Correct
British Columbia
100%
Alberta
96%
New Brunswick
96%
Newfoundland and Labrador
96%
Northwest Territories
96%
Nova Scotia
96%
Saskatchewan
91%
Ontario
87%
Quebec
87%
Prince Edward Island
83%
Yukon
83%
Nunavut
78%
Manitoba
74%
No matching quizzes found
Score Distribution
Percent of People with Each Score
Percentile by Number Answered
Your Score History
You have not taken this quiz